[Event "ODJM A 2025"]
[Site "Willingen GER"]
[Date "2025.06.09"]
[Round "3"]
[White "Schulz, Tim"]
[Black "Arp, Piotr"]
[Result "0-1"]
[Termination "normal"]
[Board "29"]
[WhiteElo "1976"]
[BlackElo "1863"]
[WhiteClock "00:00:33"]
[BlackClock "00:00:59"]
[PlyCount "136"]
[WhiteFideId "34629165"]
[BlackFideId "34657398"]
[EventCountry "GER"]
[EventRounds "9"]
[EventType "swiss"]
[EventDate "2025.06.07"]

1. Nf3 {[%clk 01:30:54]} {[%emt 00:00:05]} Nf6 {[%clk 01:30:48]} {[%emt
00:00:13]} 2. g3 {[%clk 01:31:06]} {[%emt 00:00:17]} g6 {[%clk 01:31:11]}
{[%emt 00:00:08]} 3. b3 {[%clk 01:31:28]} {[%emt 00:00:07]} Bg7 {[%clk
01:31:11]} {[%emt 00:00:30]} 4. Bb2 {[%clk 01:31:52]} {[%emt 00:00:06]} c5
{[%clk 01:30:55]} {[%emt 00:00:46]} 5. c4 {[%clk 01:31:58]} {[%emt 00:00:23]}
Nc6 {[%clk 01:31:00]} {[%emt 00:00:26]} 6. Bg2 {[%clk 01:31:38]} {[%emt
00:00:50]} O-O {[%clk 01:30:58]} {[%emt 00:00:32]} 7. O-O {[%clk 01:31:04]}
{[%emt 00:01:04]} e6 {[%clk 01:14:38]} {[%emt 00:16:50]} 8. Nc3 {[%clk
01:23:57]} {[%emt 00:07:36]} d5 {[%clk 01:14:21]} {[%emt 00:00:47]} 9. cxd5
{[%clk 01:14:53]} {[%emt 00:09:35]} Nxd5 {[%clk 01:13:39]} {[%emt 00:01:12]}
10. Qc1 {[%clk 01:09:13]} {[%emt 00:06:11]} Nxc3 {[%clk 01:06:13]} {[%emt
00:07:55]} 11. Bxc3 {[%clk 01:05:46]} {[%emt 00:03:57]} Nd4 {[%clk 01:06:08]}
{[%emt 00:00:35]} 12. Nxd4 {[%clk 00:57:28]} {[%emt 00:08:48]} cxd4 {[%clk
01:05:43]} {[%emt 00:00:54]} 13. Bb4 {[%clk 00:56:00]} {[%emt 00:01:59]} Re8
{[%clk 01:01:44]} {[%emt 00:04:28]} 14. d3 {[%clk 00:53:55]} {[%emt 00:02:35]}
Rb8 {[%clk 00:58:13]} {[%emt 00:04:02]} 15. Qa3 {[%clk 00:53:11]} {[%emt
00:01:14]} a6 {[%clk 00:54:18]} {[%emt 00:04:25]} 16. Rac1 {[%clk 00:42:33]}
{[%emt 00:11:07]} e5 {[%clk 00:36:56]} {[%emt 00:17:53]} 17. Rc2 {[%clk
00:38:05]} {[%emt 00:04:58]} Be6 {[%clk 00:35:54]} {[%emt 00:01:31]} 18. Bd6
{[%clk 00:34:10]} {[%emt 00:04:24]} Bf8 {[%clk 00:34:57]} {[%emt 00:01:28]} 19.
Bxf8 {[%clk 00:33:36]} {[%emt 00:01:04]} Rxf8 {[%clk 00:35:22]} {[%emt
00:00:05]} 20. Rfc1 {[%clk 00:32:35]} {[%emt 00:01:31]} Qb6 {[%clk 00:28:43]}
{[%emt 00:07:10]} 21. Qe7 {[%clk 00:23:40]} {[%emt 00:09:24]} f6 {[%clk
00:20:10]} {[%emt 00:09:03]} 22. Bc6 {[%clk 00:15:38]} {[%emt 00:08:32]} Bxb3
{[%clk 00:05:12]} {[%emt 00:15:28]} 23. axb3 {[%clk 00:14:09]} {[%emt
00:01:59]} bxc6 {[%clk 00:05:39]} {[%emt 00:00:03]} 24. Rxc6 {[%clk 00:09:54]}
{[%emt 00:04:46]} Qxb3 {[%clk 00:05:53]} {[%emt 00:00:16]} 25. Rxf6 {[%clk
00:08:42]} {[%emt 00:01:42]} Rxf6 {[%clk 00:02:57]} {[%emt 00:03:26]} 26. Qxf6
{[%clk 00:08:42]} {[%emt 00:00:29]} Qd5 {[%clk 00:02:38]} {[%emt 00:00:49]} 27.
Qxa6 {[%clk 00:07:38]} {[%emt 00:01:35]} Kg7 {[%clk 00:00:37]} {[%emt
00:02:31]} 28. Qa7+ {[%clk 00:05:41]} {[%emt 00:02:27]} Rb7 {[%clk 00:00:53]}
{[%emt 00:00:14]} 29. Qa8 {[%clk 00:04:15]} {[%emt 00:01:56]} Qd7 {[%clk
00:00:32]} {[%emt 00:00:51]} 30. Rc8 {[%clk 00:02:23]} {[%emt 00:02:21]} Rb1+
{[%clk 00:00:43]} {[%emt 00:00:20]} 31. Kg2 {[%clk 00:02:34]} {[%emt 00:00:18]}
Qb7+ {[%clk 00:01:12]} {[%emt 00:00:02]} 32. Qxb7+ {[%clk 00:02:54]} {[%emt
00:00:10]} Rxb7 {[%clk 00:01:40]} {[%emt 00:00:02]} 33. Re8 {[%clk 00:02:34]}
{[%emt 00:00:50]} Kf6 {[%clk 00:01:32]} {[%emt 00:00:38]} 34. Kf3 {[%clk
00:02:23]} {[%emt 00:00:40]} Rb2 {[%clk 00:00:50]} {[%emt 00:01:12]} 35. Rc8
{[%clk 00:01:30]} {[%emt 00:01:23]} h5 {[%clk 00:00:35]} {[%emt 00:00:45]} 36.
Rc6+ {[%clk 00:00:59]} {[%emt 00:01:02]} Kf5 {[%clk 00:00:35]} {[%emt
00:00:30]} 37. h4 {[%clk 00:00:53]} {[%emt 00:00:35]} Rb1 {[%clk 00:00:32]}
{[%emt 00:00:34]} 38. Rc8 {[%clk 00:01:01]} {[%emt 00:00:21]} Re1 {[%clk
00:00:33]} {[%emt 00:00:30]} 39. Rf8+ {[%clk 00:01:02]} {[%emt 00:00:29]} Ke6
{[%clk 00:01:01]} {[%emt 00:00:01]} 40. Rb8 {[%clk 00:00:58]} {[%emt 00:00:34]}
Kf6 {[%clk 00:00:32]} {[%emt 00:00:59]} 41. e3 {[%clk 00:22:44]} {[%emt
00:08:44]} dxe3 {[%clk 00:19:11]} {[%emt 00:11:51]} 42. Rb6+ {[%clk 00:18:02]}
{[%emt 00:05:13]} Kf7 {[%clk 00:15:51]} {[%emt 00:03:49]} 43. fxe3 {[%clk
00:17:33]} {[%emt 00:01:00]} Rg1 {[%clk 00:15:36]} {[%emt 00:00:44]} 44. Rc6
{[%clk 00:13:45]} {[%emt 00:04:18]} Ra1 {[%clk 00:01:35]} {[%emt 00:14:32]} 45.
Rc5 {[%clk 00:04:24]} {[%emt 00:09:50]} Ke6 {[%clk 00:01:33]} {[%emt 00:00:32]}
46. Ke4 {[%clk 00:04:21]} {[%emt 00:00:33]} Ra4+ {[%clk 00:01:43]} {[%emt
00:00:21]} 47. Rc4 {[%clk 00:04:36]} {[%emt 00:00:14]} Ra6 {[%clk 00:01:39]}
{[%emt 00:00:34]} 48. Rb4 {[%clk 00:04:04]} {[%emt 00:01:02]} Kd6 {[%clk
00:01:42]} {[%emt 00:00:28]} 49. Rb5 {[%clk 00:02:45]} {[%emt 00:01:49]} Ra4+
{[%clk 00:01:47]} {[%emt 00:00:24]} 50. d4 {[%clk 00:02:27]} {[%emt 00:00:47]}
exd4 {[%clk 00:02:10]} {[%emt 00:00:08]} 51. exd4 {[%clk 00:02:36]} {[%emt
00:00:21]} Ra6 {[%clk 00:01:31]} {[%emt 00:01:09]} 52. Rg5 {[%clk 00:02:02]}
{[%emt 00:01:04]} Kd7 {[%clk 00:01:01]} {[%emt 00:01:01]} 53. Rd5+ {[%clk
00:01:08]} {[%emt 00:01:22]} Ke7 {[%clk 00:01:08]} {[%emt 00:00:24]} 54. Kf4
{[%clk 00:00:45]} {[%emt 00:00:52]} Ke6 {[%clk 00:00:36]} {[%emt 00:01:03]} 55.
Re5+ {[%clk 00:00:54]} {[%emt 00:00:22]} Kf6 {[%clk 00:00:42]} {[%emt
00:00:23]} 56. Rc5 {[%clk 00:00:45]} {[%emt 00:00:39]} Rb6 {[%clk 00:00:40]}
{[%emt 00:00:32]} 57. Ke4 {[%clk 00:00:41]} {[%emt 00:00:34]} Kf7 {[%clk
00:00:32]} {[%emt 00:00:39]} 58. Kd5 {[%clk 00:00:34]} {[%emt 00:00:36]} Rb3
{[%clk 00:00:34]} {[%emt 00:00:28]} 59. Kc6 {[%clk 00:00:51]} {[%emt 00:00:13]}
Rxg3 {[%clk 00:00:46]} {[%emt 00:00:19]} 60. d5 {[%clk 00:01:05]} {[%emt
00:00:16]} Ra3 {[%clk 00:00:32]} {[%emt 00:00:43]} 61. d6 {[%clk 00:00:36]}
{[%emt 00:00:58]} Ra6+ {[%clk 00:00:36]} {[%emt 00:00:28]} 62. Kc7 {[%clk
00:00:56]} {[%emt 00:00:10]} Ra7+ {[%clk 00:00:46]} {[%emt 00:00:20]} 63. Kb6
{[%clk 00:00:57]} {[%emt 00:00:28]} Rd7 {[%clk 00:00:46]} {[%emt 00:00:30]} 64.
Kc6 {[%clk 00:00:49]} {[%emt 00:00:38]} Ke8 {[%clk 00:00:36]} {[%emt 00:00:40]}
65. Ra5 {[%clk 00:00:56]} {[%emt 00:00:23]} Rd8 {[%clk 00:00:34]} {[%emt
00:00:32]} 66. Re5+ {[%clk 00:00:58]} {[%emt 00:00:27]} Kf7 {[%clk 00:00:46]}
{[%emt 00:00:19]} 67. Kc7 {[%clk 00:00:48]} {[%emt 00:00:40]} Ra8 {[%clk
00:00:54]} {[%emt 00:00:22]} 68. Kb7 {[%clk 00:00:33]} {[%emt 00:00:45]} Rd8
{[%clk 00:00:59]} {[%emt 00:00:25]} 0-1

[Event "ODJM A 2025"]
[Site "Willingen GER"]
[Date "2025.06.09"]
[Round "3"]
[White "Andresen, Marc"]
[Black "Retzlaff, Kian"]
[Result "1-0"]
[Termination "normal"]
[Board "30"]
[WhiteElo "1857"]
[BlackElo "1946"]
[WhiteClock "00:02:50"]
[BlackClock "00:01:37"]
[PlyCount "129"]
[WhiteFideId "16233719"]
[BlackFideId "34606700"]
[EventCountry "GER"]
[EventRounds "9"]
[EventType "swiss"]
[EventDate "2025.06.07"]

1. e4 {[%clk 01:30:58]} {[%emt 16:38:52]} c5 {[%clk 01:30:53]} {[%emt
00:00:09]} 2. Nf3 {[%clk 01:31:25]} {[%emt 00:00:02]} d6 {[%clk 01:31:18]}
{[%emt 00:00:02]} 3. Bb5+ {[%clk 01:31:52]} {[%emt 00:00:04]} Nd7 {[%clk
01:31:38]} {[%emt 00:00:10]} 4. c3 {[%clk 01:32:19]} {[%emt 00:00:04]} Ngf6
{[%clk 01:31:25]} {[%emt 00:00:40]} 5. Qe2 {[%clk 01:32:44]} {[%emt 00:00:07]}
a6 {[%clk 01:31:41]} {[%emt 00:00:14]} 6. Ba4 {[%clk 01:33:10]} {[%emt
00:00:06]} b5 {[%clk 01:32:03]} {[%emt 00:00:06]} 7. Bc2 {[%clk 01:33:36]}
{[%emt 00:00:05]} e6 {[%clk 01:32:11]} {[%emt 00:00:21]} 8. O-O {[%clk
01:34:00]} {[%emt 00:00:07]} Bb7 {[%clk 01:26:39]} {[%emt 00:06:01]} 9. d4
{[%clk 01:34:17]} {[%emt 00:00:14]} Be7 {[%clk 01:25:31]} {[%emt 00:01:34]} 10.
Re1 {[%clk 01:34:40]} {[%emt 00:00:10]} Qc7 {[%clk 01:12:36]} {[%emt 00:13:25]}
11. Bd3 {[%clk 01:34:06]} {[%emt 00:01:05]} O-O {[%clk 01:08:56]} {[%emt
00:04:03]} 12. Nbd2 {[%clk 01:34:13]} {[%emt 00:00:28]} Rac8 {[%clk 00:52:30]}
{[%emt 00:16:56]} 13. a3 {[%clk 01:23:07]} {[%emt 00:11:38]} e5 {[%clk
00:47:48]} {[%emt 00:05:12]} 14. dxe5 {[%clk 01:14:38]} {[%emt 00:08:58]} dxe5
{[%clk 00:46:02]} {[%emt 00:02:16]} 15. c4 {[%clk 01:14:47]} {[%emt 00:00:22]}
b4 {[%clk 00:41:47]} {[%emt 00:04:44]} 16. axb4 {[%clk 01:06:27]} {[%emt
00:08:51]} cxb4 {[%clk 00:41:03]} {[%emt 00:01:13]} 17. Nb3 {[%clk 01:06:45]}
{[%emt 00:00:12]} Nc5 {[%clk 00:35:41]} {[%emt 00:05:51]} 18. Nxc5 {[%clk
00:48:12]} {[%emt 00:19:05]} Bxc5 {[%clk 00:31:32]} {[%emt 00:04:38]} 19. b3
{[%clk 00:31:09]} {[%emt 00:17:34]} Nd7 {[%clk 00:24:18]} {[%emt 00:07:41]} 20.
Be3 {[%clk 00:26:06]} {[%emt 00:05:35]} Rfd8 {[%clk 00:22:09]} {[%emt
00:02:38]} 21. Bc2 {[%clk 00:25:57]} {[%emt 00:00:40]} Bxe3 {[%clk 00:18:10]}
{[%emt 00:04:29]} 22. Qxe3 {[%clk 00:26:16]} {[%emt 00:00:11]} Nc5 {[%clk
00:16:00]} {[%emt 00:02:38]} 23. Red1 {[%clk 00:23:54]} {[%emt 00:02:54]} f6
{[%clk 00:14:15]} {[%emt 00:02:15]} 24. Ne1 {[%clk 00:23:29]} {[%emt 00:00:55]}
Ne6 {[%clk 00:10:45]} {[%emt 00:03:58]} 25. Rd3 {[%clk 00:17:34]} {[%emt
00:06:28]} Rxd3 {[%clk 00:07:33]} {[%emt 00:03:41]} 26. Bxd3 {[%clk 00:12:59]}
{[%emt 00:05:05]} Nd4 {[%clk 00:07:00]} {[%emt 00:01:02]} 27. Bf1 {[%clk
00:13:18]} {[%emt 00:00:12]} a5 {[%clk 00:05:56]} {[%emt 00:01:34]} 28. Rd1
{[%clk 00:09:52]} {[%emt 00:03:57]} Qc6 {[%clk 00:05:20]} {[%emt 00:01:04]} 29.
Nf3 {[%clk 00:07:10]} {[%emt 00:03:14]} Nxf3+ {[%clk 00:03:31]} {[%emt
00:02:19]} 30. gxf3 {[%clk 00:06:57]} {[%emt 00:00:42]} f5 {[%clk 00:00:37]}
{[%emt 00:03:25]} 31. Bh3 {[%clk 00:05:00]} {[%emt 00:02:26]} f4 {[%clk
00:00:34]} {[%emt 00:00:33]} 32. Qd3 {[%clk 00:05:22]} {[%emt 00:00:08]} Rf8
{[%clk 00:00:33]} {[%emt 00:00:32]} 33. Qd6 {[%clk 00:04:42]} {[%emt 00:01:10]}
Ra8 {[%clk 00:00:32]} {[%emt 00:00:31]} 34. Be6+ {[%clk 00:03:18]} {[%emt
00:01:54]} Kh8 {[%clk 00:00:59]} {[%emt 00:00:02]} 35. Qxe5 {[%clk 00:03:41]}
{[%emt 00:00:07]} Re8 {[%clk 00:00:35]} {[%emt 00:00:54]} 36. Rd6 {[%clk
00:04:03]} {[%emt 00:00:08]} Qc7 {[%clk 00:00:34]} {[%emt 00:00:32]} 37. Qd4
{[%clk 00:03:51]} {[%emt 00:00:42]} Qe7 {[%clk 00:00:35]} {[%emt 00:00:28]} 38.
Rd7 {[%clk 00:02:52]} {[%emt 00:01:31]} Qg5+ {[%clk 00:01:02]} 39. Kf1 {[%clk
00:02:51]} {[%emt 00:00:33]} Bc8 {[%clk 00:00:50]} {[%emt 00:00:40]} 40. Rd5
{[%clk 00:03:12]} {[%emt 00:00:10]} Qh4 {[%clk 00:00:43]} {[%emt 00:00:37]} 41.
Bxc8 {[%clk 00:28:29]} {[%emt 00:05:14]} Rxc8 {[%clk 00:29:10]} {[%emt
00:02:02]} 42. Kg1 {[%clk 00:25:18]} {[%emt 00:03:41]} h6 {[%clk 00:22:51]}
{[%emt 00:06:49]} 43. Qb6 {[%clk 00:19:49]} {[%emt 00:06:00]} Kh7 {[%clk
00:11:02]} {[%emt 00:12:18]} 44. c5 {[%clk 00:18:54]} {[%emt 00:01:25]} Qh3
{[%clk 00:09:07]} {[%emt 00:02:25]} 45. Rd8 {[%clk 00:08:58]} {[%emt 00:10:26]}
Qxf3 {[%clk 00:04:29]} {[%emt 00:05:06]} 46. Rxc8 {[%clk 00:01:41]} {[%emt
00:07:49]} Qd1+ {[%clk 00:04:44]} {[%emt 00:00:15]} 47. Kg2 {[%clk 00:02:03]}
{[%emt 00:00:09]} Qg4+ {[%clk 00:05:02]} {[%emt 00:00:10]} 48. Kf1 {[%clk
00:02:02]} {[%emt 00:00:31]} Qxc8 {[%clk 00:03:16]} {[%emt 00:02:16]} 49. c6
{[%clk 00:01:42]} {[%emt 00:00:51]} Qh3+ {[%clk 00:01:57]} {[%emt 00:01:48]}
50. Ke2 {[%clk 00:01:52]} {[%emt 00:00:21]} Qxb3 {[%clk 00:01:50]} {[%emt
00:00:36]} 51. Qc5 {[%clk 00:01:29]} {[%emt 00:00:54]} f3+ {[%clk 00:01:53]}
{[%emt 00:00:25]} 52. Kd2 {[%clk 00:01:42]} {[%emt 00:00:19]} Qb2+ {[%clk
00:01:32]} {[%emt 00:00:49]} 53. Kd1 {[%clk 00:01:23]} {[%emt 00:00:51]} Qb1+
{[%clk 00:00:35]} {[%emt 00:01:27]} 54. Kd2 {[%clk 00:01:46]} {[%emt 00:00:07]}
Qb2+ {[%clk 00:00:54]} {[%emt 00:00:11]} 55. Kd1 {[%clk 00:01:57]} {[%emt
00:00:19]} Qe2+ {[%clk 00:01:02]} {[%emt 00:00:22]} 56. Kc1 {[%clk 00:02:23]}
{[%emt 00:00:05]} Qe1+ {[%clk 00:00:50]} {[%emt 00:00:41]} 57. Kb2 {[%clk
00:02:38]} {[%emt 00:00:15]} Qd2+ {[%clk 00:00:49]} {[%emt 00:00:31]} 58. Kb1
{[%clk 00:01:39]} {[%emt 00:01:30]} Qd3+ {[%clk 00:00:34]} {[%emt 00:00:44]}
59. Qc2 {[%clk 00:00:45]} {[%emt 00:01:24]} Qd8 {[%clk 00:00:32]} {[%emt
00:00:32]} 60. c7 {[%clk 00:01:10]} {[%emt 00:00:05]} Qc8 {[%clk 00:00:47]}
{[%emt 00:00:15]} 61. Qc5 {[%clk 00:01:14]} {[%emt 00:00:25]} Qb7 {[%emt
00:00:49]} 62. Qf5+ {[%clk 00:01:32]} {[%emt 00:00:10]} g6 {[%clk 00:00:48]}
{[%emt 00:00:13]} 63. Qd7+ {[%clk 00:01:58]} {[%emt 00:00:04]} Kg8 {[%clk
00:01:14]} {[%emt 00:00:04]} 64. c8=Q+ {[%clk 00:02:24]} {[%emt 00:00:04]} Qxc8
{[%clk 00:01:37]} {[%emt 00:00:07]} 65. Qxc8+ {[%clk 00:02:50]} {[%emt
00:00:04]} 1-0

[Event "ODJM A 2025"]
[Site "Willingen GER"]
[Date "2025.06.09"]
[Round "3"]
[White "Schilling, Rumo"]
[Black "Weeke, Tom"]
[Result "1-0"]
[Termination "normal"]
[Board "31"]
[WhiteElo "1852"]
[BlackElo "1843"]
[WhiteClock "00:01:30"]
[BlackClock "00:03:54"]
[PlyCount "101"]
[WhiteFideId "16283139"]
[BlackFideId "34607080"]
[EventCountry "GER"]
[EventRounds "9"]
[EventType "swiss"]
[EventDate "2025.06.07"]

1. e4 {[%clk 01:30:58]} c5 {[%clk 01:30:49]} {[%emt 00:00:11]} 2. Nc3 {[%clk
01:31:24]} {[%emt 00:00:02]} Nc6 {[%clk 01:31:07]} {[%emt 00:00:12]} 3. Bb5
{[%clk 01:31:49]} {[%emt 00:00:05]} Nd4 {[%clk 01:31:26]} {[%emt 00:00:13]} 4.
Nf3 {[%clk 01:32:14]} {[%emt 00:00:03]} a6 {[%clk 01:31:24]} {[%emt 00:00:32]}
5. Bd3 {[%clk 01:28:36]} {[%emt 00:04:08]} Nc6 {[%clk 01:30:21]} {[%emt
00:01:33]} 6. O-O {[%clk 01:28:42]} {[%emt 00:00:25]} d6 {[%clk 01:26:41]}
{[%emt 00:04:09]} 7. b3 {[%clk 01:22:44]} {[%emt 00:06:29]} g6 {[%clk
01:19:50]} {[%emt 00:07:19]} 8. Bb2 {[%clk 01:21:20]} {[%emt 00:01:55]} Bg7
{[%clk 01:17:12]} {[%emt 00:03:07]} 9. a4 {[%emt 00:21:52]} e6 {[%clk
01:13:01]} {[%emt 00:03:08]} 10. Rb1 {[%clk 00:54:58]} {[%emt 00:07:04]} Nge7
{[%clk 01:08:41]} {[%emt 00:04:49]} 11. Ne1 {[%clk 00:53:44]} {[%emt 00:01:44]}
O-O {[%clk 01:06:13]} {[%emt 00:02:59]} 12. f4 {[%clk 00:53:32]} {[%emt
00:00:42]} d5 {[%clk 01:02:59]} {[%emt 00:03:43]} 13. Nf3 {[%clk 00:46:57]}
{[%emt 00:07:05]} Nd4 {[%clk 00:57:19]} {[%emt 00:06:10]} 14. e5 {[%clk
00:42:52]} {[%emt 00:04:36]} Nec6 {[%clk 00:54:00]} {[%emt 00:03:43]} 15. Nxd4
{[%clk 00:40:11]} {[%emt 00:03:17]} Nxd4 {[%clk 00:51:14]} {[%emt 00:03:14]}
16. Ne2 {[%clk 00:39:58]} {[%emt 00:00:44]} Nxe2+ {[%clk 00:49:44]} {[%emt
00:02:00]} 17. Qxe2 {[%clk 00:39:56]} {[%emt 00:00:33]} Bd7 {[%clk 00:44:01]}
{[%emt 00:06:12]} 18. Ba3 {[%clk 00:34:32]} {[%emt 00:05:55]} Rc8 {[%clk
00:41:19]} {[%emt 00:03:10]} 19. g4 {[%clk 00:28:09]} {[%emt 00:06:54]} Qh4
{[%clk 00:36:17]} {[%emt 00:05:32]} 20. Kg2 {[%clk 00:11:55]} {[%emt 00:16:44]}
Rc7 {[%clk 00:32:20]} {[%emt 00:04:27]} 21. h3 {[%clk 00:11:50]} {[%emt
00:00:35]} Rb8 {[%clk 00:25:04]} {[%emt 00:07:45]} 22. a5 {[%clk 00:11:40]}
{[%emt 00:00:41]} Qd8 {[%clk 00:16:55]} {[%emt 00:08:39]} 23. Rf3 {[%clk
00:08:51]} {[%emt 00:03:20]} Rcc8 {[%clk 00:14:43]} {[%emt 00:02:41]} 24. Bb2
{[%clk 00:08:34]} {[%emt 00:00:48]} Qxa5 {[%clk 00:11:55]} {[%emt 00:03:18]}
25. f5 {[%clk 00:08:54]} {[%emt 00:00:10]} Bc6 {[%clk 00:10:39]} {[%emt
00:01:46]} 26. c3 {[%clk 00:07:05]} {[%emt 00:02:18]} c4 {[%clk 00:10:19]}
{[%emt 00:00:50]} 27. bxc4 {[%clk 00:06:48]} {[%emt 00:00:47]} dxc4 {[%clk
00:10:35]} {[%emt 00:00:14]} 28. Be4 {[%clk 00:05:35]} {[%emt 00:01:44]} Qxe5
{[%clk 00:10:32]} {[%emt 00:00:32]} 29. Re3 {[%clk 00:05:57]} {[%emt 00:00:08]}
Bh6 {[%clk 00:09:53]} {[%emt 00:01:08]} 30. fxg6 {[%clk 00:04:55]} {[%emt
00:01:34]} Bxe3 {[%clk 00:09:47]} {[%emt 00:00:35]} 31. gxf7+ {[%clk 00:04:15]}
{[%emt 00:01:10]} Kxf7 {[%clk 00:09:16]} {[%emt 00:01:01]} 32. Bxc6 {[%clk
00:03:55]} {[%emt 00:00:51]} Rxc6 {[%clk 00:09:15]} {[%emt 00:00:31]} 33. Rf1+
{[%clk 00:04:20]} {[%emt 00:00:04]} Kg7 {[%clk 00:08:30]} {[%emt 00:01:14]} 34.
dxe3 {[%clk 00:03:59]} {[%emt 00:00:53]} Rf8 {[%clk 00:08:03]} {[%emt
00:00:56]} 35. Rxf8 {[%clk 00:03:03]} {[%emt 00:01:26]} Kxf8 {[%clk 00:08:27]}
{[%emt 00:00:06]} 36. Qf3+ {[%clk 00:03:19]} {[%emt 00:00:15]} Kg7 {[%clk
00:08:08]} {[%emt 00:00:48]} 37. Ba3 {[%clk 00:03:39]} {[%emt 00:00:11]} Qf6
{[%clk 00:07:51]} {[%emt 00:00:46]} 38. Qe4 {[%clk 00:03:42]} {[%emt 00:00:28]}
Qxc3 {[%clk 00:07:35]} {[%emt 00:00:45]} 39. Be7 {[%clk 00:04:07]} {[%emt
00:00:05]} Qd2+ {[%clk 00:07:38]} {[%emt 00:00:26]} 40. Kg3 {[%clk 00:02:40]}
{[%emt 00:01:58]} Qd5 {[%clk 00:02:06]} {[%emt 00:06:02]} 41. Qf4 {[%clk
00:29:18]} {[%emt 00:03:52]} Rc8 {[%clk 00:24:16]} {[%emt 00:08:20]} 42. e4
{[%clk 00:09:29]} {[%emt 00:20:19]} Qd3+ {[%clk 00:17:49]} {[%emt 00:06:58]}
43. Kg2 {[%clk 00:08:13]} {[%emt 00:01:45]} Qc2+ {[%clk 00:15:28]} {[%emt
00:02:50]} 44. Kg3 {[%clk 00:06:58]} {[%emt 00:01:46]} Qb3+ {[%clk 00:15:52]}
{[%emt 00:00:06]} 45. Kh4 {[%clk 00:06:53]} {[%emt 00:00:35]} c3 {[%clk
00:15:06]} {[%emt 00:01:15]} 46. Bd6 {[%clk 00:03:23]} {[%emt 00:04:01]} Qb6
{[%clk 00:05:21]} {[%emt 00:10:14]} 47. Qg5+ {[%clk 00:00:34]} {[%emt
00:03:20]} Kf7 {[%clk 00:05:40]} {[%emt 00:00:11]} 48. Qe7+ {[%clk 00:00:36]}
{[%emt 00:00:28]} Kg6 {[%clk 00:03:18]} {[%emt 00:02:52]} 49. Qxe6+ {[%clk
00:01:03]} {[%emt 00:00:04]} Kg7 {[%clk 00:03:41]} {[%emt 00:00:06]} 50. Be5+
{[%clk 00:01:30]} {[%emt 00:00:03]} Kf8 {[%clk 00:03:54]} {[%emt 00:00:17]} 51.
Qxb6 {[%emt 00:00:05]} 1-0

[Event "ODJM A 2025"]
[Site "Willingen GER"]
[Date "2025.06.09"]
[Round "3"]
[White "Nguyen, Ha Thanh"]
[Black "Schuricht, Paul Alexander"]
[Result "1/2-1/2"]
[Termination "normal"]
[Board "32"]
[WhiteElo "1950"]
[BlackElo "1920"]
[WhiteClock "00:02:03"]
[BlackClock "00:02:08"]
[PlyCount "58"]
[WhiteFideId "12942154"]
[BlackFideId "16270177"]
[EventCountry "GER"]
[EventRounds "9"]
[EventType "swiss"]
[EventDate "2025.06.07"]

1. e4 {[%clk 01:30:58]} e5 {[%clk 01:30:53]} {[%emt 00:00:11]} 2. Nf3 {[%clk
01:31:25]} {[%emt 00:00:02]} Nc6 {[%clk 01:31:17]} {[%emt 00:00:03]} 3. Bc4
{[%clk 01:31:50]} {[%emt 00:00:05]} Bc5 {[%clk 01:31:40]} {[%emt 00:00:08]} 4.
c3 {[%clk 01:32:12]} {[%emt 00:00:08]} Nf6 {[%clk 01:32:02]} {[%emt 00:00:08]}
5. d3 {[%clk 01:32:33]} {[%emt 00:00:09]} d6 {[%clk 01:32:24]} {[%emt
00:00:07]} 6. Nbd2 {[%clk 01:32:29]} {[%emt 00:00:37]} a6 {[%clk 01:32:42]}
{[%emt 00:00:10]} 7. Bb3 {[%clk 01:32:31]} {[%emt 00:00:28]} Ba7 {[%clk
01:32:53]} {[%emt 00:00:18]} 8. h3 {[%clk 01:32:04]} {[%emt 00:00:57]} O-O
{[%clk 01:32:54]} {[%emt 00:00:29]} 9. O-O {[%clk 01:32:06]} {[%emt 00:00:29]}
h6 {[%clk 01:32:59]} {[%emt 00:00:24]} 10. Re1 {[%clk 01:31:47]} {[%emt
00:00:49]} Re8 {[%clk 01:32:51]} {[%emt 00:00:38]} 11. Nf1 {[%clk 01:31:34]}
{[%emt 00:00:44]} Be6 {[%clk 01:32:05]} {[%emt 00:01:16]} 12. Ng3 {[%clk
01:28:36]} {[%emt 00:03:28]} Bxb3 {[%clk 01:12:24]} {[%emt 00:20:10]} 13. Qxb3
{[%clk 01:23:33]} {[%emt 00:05:34]} Qd7 {[%clk 01:11:21]} {[%emt 00:01:33]} 14.
Nh4 {[%clk 01:15:18]} {[%emt 00:08:45]} d5 {[%clk 00:52:12]} {[%emt 00:19:38]}
15. Nhf5 {[%clk 01:01:42]} {[%emt 00:14:07]} dxe4 {[%clk 00:48:15]} {[%emt
00:04:27]} 16. dxe4 {[%clk 01:01:54]} {[%emt 00:00:18]} Na5 {[%clk 00:46:33]}
{[%emt 00:02:12]} 17. Qc2 {[%clk 00:41:19]} {[%emt 00:21:05]} Rad8 {[%clk
00:41:54]} {[%emt 00:05:08]} 18. Be3 {[%clk 00:32:06]} {[%emt 00:09:44]} Bxe3
{[%clk 00:40:53]} {[%emt 00:01:31]} 19. Nxe3 {[%clk 00:32:29]} {[%emt
00:00:06]} Qb5 {[%clk 00:32:57]} {[%emt 00:08:27]} 20. Ngf5 {[%clk 00:14:12]}
{[%emt 00:18:46]} Kh7 {[%clk 00:29:18]} {[%emt 00:04:09]} 21. c4 {[%clk
00:07:22]} {[%emt 00:07:21]} Qb4 {[%clk 00:23:52]} {[%emt 00:05:56]} 22. Rad1
{[%clk 00:06:18]} {[%emt 00:01:33]} g6 {[%clk 00:21:41]} {[%emt 00:02:41]} 23.
Ng3 {[%clk 00:06:18]} {[%emt 00:00:30]} Kg7 {[%clk 00:16:17]} {[%emt 00:05:53]}
24. b3 {[%clk 00:05:47]} {[%emt 00:01:02]} Qb6 {[%clk 00:10:00]} {[%emt
00:06:47]} 25. Qc3 {[%clk 00:04:49]} {[%emt 00:01:28]} Nc6 {[%clk 00:08:31]}
{[%emt 00:01:59]} 26. Nd5 {[%clk 00:04:19]} {[%emt 00:01:00]} Nxd5 {[%clk
00:08:04]} {[%emt 00:00:57]} 27. exd5 {[%clk 00:04:38]} {[%emt 00:00:11]} Nd4
{[%clk 00:05:22]} {[%emt 00:03:11]} 28. Kh1 {[%clk 00:04:23]} {[%emt 00:00:46]}
a5 {[%clk 00:03:23]} {[%emt 00:02:29]} 29. Ne4 {[%clk 00:02:03]} {[%emt
00:02:50]} Qb4 {[%clk 00:02:08]} {[%emt 00:01:45]} 1/2-1/2